000 01386nam a22003737a 4500
003 CHAP
005 20220329143322.0
008 080606s1996 mx r 00010 spa d
010 _a94898
011 _a95870
035 _a106502
040 _cCHAP
090 _aFolleto 17351
100 1 _aEsparza Salinas, Rocío.
_937770
245 1 4 _aLas mujeres campesinas ante las reformas al artículo 27 de la constitución
_c/por Rocío Esparza Salinas, Blanca Suárez y Paloma Bonfil
260 _aMéxico D.F. :
_bGrupo Interdisciplinario sobre la Mujer, Trabajo y Pobreza,
_c1996
300 _a47 p. :
_bcuadros
490 0 _aCuadernos de trabajo
_v; 2
590 _aBATCH-UPD
_b10
_c20130110
_lUCH01
_h0632
590 _aBATCH-UPD
_b10
_c20130110
_lUCH01
_h2323
590 _aBATCH-UPD
_b10
_c20130410
_lUCH01
_h0316
590 _aBATCH-UPD
_b10
_c20130914
_lUCH01
_h0656
590 _aBATCH-UPD
_b10
_c20130914
_lUCH01
_h2137
590 _aCONVERSION
_b10
_c20130109
_lUCH01
_h1352
650 1 4 _aMujer en comunidades rurales
_zMéxico.
_979391
650 1 4 _aMujer
_xDerechos.
_979319
650 1 4 _aMujer
_xSituación legal
_zMéxico.
_979328
700 0 _aSuárez, Blanca.
_9110739
700 1 _aBonfil Sánchez, Paloma.
_913674
830 0 0 _aCuadernos de trabajo
_v; 2
_929822
901 _aBK
942 _cFOLL
949 _aFolleto 17351
_bBC
_cFOLL
_d33724002057827
_eTS1
_gDonaciØn
_i106502
_sb
999 _c94898
_d94898